Sports Quiz

Random Sports Quiz

Arsenal Players Quiz Stats

 Plays Quiz not verified by Sporcle

Challenge
Share
Tweet
Embed
Score 0/35 Timer 07:00
0 Plays Today
% Correct
Thierry Henry
94.2%
Dennis Bergkamp
81.6%
Cesc Fabregas
80.1%
Robert Pires
78.7%
Tony Adams
73.5%
David Seaman
71.2%
Patrick Vieira
71.1%
Freddie Ljungberg
67.5%
Jens Lehman
67.1%
Ashley Cole
66.9%
Sol Campbell
64.5%
Lee Dixon
62.6%
Martin Keown
62.4%
Kolo Toure
59.9%
Ian Wright
56.5%
Lauren
55.1%
Sylvan Wiltord
55%
Marc Overmars
55%
% Correct
Nigel Winterburn
54.1%
Ray Parlour
52.5%
Emmanuel Petit
52.2%
Gael Clichy
51.8%
Theo Walcott
47.1%
Gilberto Silva
46.9%
Emanuel Adebayor
46.8%
Jose Antonio Reyes
46.5%
Edu
45.2%
Nicolas Anelka
42.9%
William Gallas
40.3%
Eduardo Da Silva
34.7%
Paul Merson
29.8%
Robin Van Persie
24.7%
David Platt
21.6%
Denilson
17.4%
Julio Baptista
13.4%

You're not logged in!

Compare scores with friends on all Sporcle quizzes.
OR
Log In

You Might Also Like...

Show Comments

Extras

Created Jan 3, 2010ReportNominate
Tags:Arsenal, player, quality, under, wenger

Top Quizzes Today


Score Distribution

Your Account Isn't Verified!

In order to create a playlist on Sporcle, you need to verify the email address you used during registration. Go to your Sporcle Settings to finish the process.

Report this User

Report this user for behavior that violates our Community Guidelines.

Details: